|
|
|
|
| LEADER |
00000nam0a2200000 4500 |
| 001 |
281380 |
| 005 |
20231101235409.0 |
| 020 |
|
|
|a RU
|b 86-73697
|
| 035 |
|
|
|a (RuTPU)RU\TPU\book\305098
|
| 090 |
|
|
|a 281380
|
| 100 |
|
|
|a 20150122d1986 m y0rusy5003 ca
|
| 101 |
0 |
|
|a rus
|
| 102 |
|
|
|a RU
|
| 105 |
|
|
|a y z 001zy
|
| 200 |
1 |
|
|a Международный бизнес французских монополий
|f Г. Н. Власов
|
| 210 |
|
|
|a Москва
|c Международные отношения
|d 1986
|
| 215 |
|
|
|a 158 с.
|
| 320 |
|
|
|a Библиогр. в примеч.: с. 153-157
|
| 606 |
1 |
|
|a Франция
|x Экономика
|2 stltpush
|3 (RuTPU)RU\TPU\subj\37253
|9 58347
|
| 610 |
1 |
|
|a монополии
|
| 610 |
1 |
|
|a международный бизнес
|
| 610 |
1 |
|
|a капитал
|
| 610 |
1 |
|
|a производственный аппарат
|
| 610 |
1 |
|
|a развивающиеся страны
|
| 610 |
1 |
|
|a экономические связи
|
| 610 |
1 |
|
|a иностранный капитал
|
| 610 |
1 |
|
|a конкуренция
|
| 686 |
|
|
|a У9(4Фр)
|2 rubbk
|
| 700 |
|
1 |
|a Власов
|b Г. Н.
|g Геннадий Николаевич
|
| 801 |
|
0 |
|a RU
|b RuMRKP
|c 19950704
|g psbo
|
| 801 |
|
1 |
|a RU
|b 63413507
|c 20150122
|
| 801 |
|
2 |
|a RU
|b 63413507
|c 20170630
|g RCR
|
| 942 |
|
|
|c BK
|